| 000 | 00883 a2200169 4500 | ||
|---|---|---|---|
| 020 | _a1851682953 (paperback) | ||
| 020 | _a9781851682959 (paperback) | ||
| 082 | 0 | 4 | _a297.03 |
| 090 |
_c4976 _d4976 |
||
| 100 | 1 | _aNewby, Gordon. | |
| 245 | 1 | 2 |
_aA concise encyclopedia of islam / _cGordon Newby. |
| 260 |
_a[S.l.] : _bOneworld Publications, _c2002. |
||
| 300 |
_a256 p. ; _c22 cm. |
||
| 520 | _aThis concise reference guide is designed specifically for readers and students who wish to learn more about the world's fastest-growing religion. Fully illustrated, the encyclopedia contains hundreds of alphabetically arranged entries which give succinct yet authoritative information on everything from the Qur'an and its origins to the role of Islam in the USA. | ||
| 856 | 4 | 0 |
_3Amazon.com _uhttp://www.amazon.com/exec/obidos/ASIN/1851682953/chopaconline-20 |
| 942 |
_aNBS _cBK _k297.03 NEW |
||
| 999 |
_c347404 _d347404 |
||